000 00572nam a22001817a 4500
008 151209b xxu||||| |||| 00| 0 eng d
020 _a9781886775244
050 _aSPE RC 952.55 .R48 2009
100 _aReuben David B
_d2009
245 _aGeriatrics at your fingertips/
_cDavid B Reuben
250 _a11th ed
260 _aUnited states,
_bAGS
_c2009
300 _aix,326p
_bincludes index
_c15cm.
700 _aKeela A. Herr
700 _aJames T pacala
700 _aBruce G pollock
942 _2lcc
_cBOOKS
_hSPE RC 952.55 .R48 2009
999 _c10850
_d10850